Coupe du Monde 2022 - Liste Maroc - Statistiques

Statistiques générales
  • Ce quiz a été pris 2 150 fois
  • Le résultat moyen est 16 sur 27
Statistiques - réponses
Position Team Réponse % Correct
D Paris Saint-Germain Achraf Hakimi
97%
G FC Séville Yassine Bounou
96%
A Chelsea Hakim Ziyech
86%
M Fiorentina Sofyan Amrabat
83%
A SCO Angers Sofiane Boufal
81%
M SCO Angers Azzedine Ounahi
80%
D Bayern Munich Noussair Mazraoui
80%
D West Ham Nayef Aguerd
79%
D Besiktas Romain Saiss
75%
A Olympique de Marseille Amine Harit
70%
A Toulouse FC Zakaria Aboukhlal
66%
D Brest Achraf Dari
57%
Coach Walid Regragui
57%
A FC Séville Youssef En-Nesyri
57%
M Sampdoria Abdelhamid Sabiri
55%
D Valladolid Jawad El Yamiq
53%
M Liège Selim Amallah
49%
D Wydad AC Yahya Attiatallah
49%
A Ittihad FC Abderrazak Hamdallah
46%
A Osasuna Abdessamad Ezzalzouli
43%
A SSC Bari Walid Cheddira
41%
M KRC Genk Bilal El Khannouss
35%
G Wydad AC Ahmed Reda Tagnaouti
34%
D Qatar SC Badr Benoun
32%
M Wydad AC Yahya Jabrane
31%
A Queens Park Rangers Ilias Chair
29%
G Al Wehda Munir Mohand
7%
Aucun quiz correspondant
Distribution des résultats
% des personnes avec chaque résultat
Percentile par nombre de réponses
Votre historique - résultats
Vous n’avez pas pris ce quiz